Riconosci il Pokémon - Quiz n°15 - Statistics

Statistiche generali
  • Questo quiz è stato fatto 12 volte
  • Il punteggio medio è 7 su 10
Statistiche sulle risposte
Indizio Risposta % Corretto
Generazione Nona
100%
Tipo Drago / Normale
91%
Stadio evoluzione Non si evolve
73%
Altezza 1,6 m
64%
Sesso 50% ♂, 50% ♀
64%
Peso 63,0 kg
64%
Tasso di cattura 190 (35.2%)
64%
Abilità Muta; Rigenergia
64%
Pokémon Cyclizar
55%
Tasso di allevamento Medio-Lento
55%
Nessun quiz corrispondente trovato
Distribuzione punteggi
Percentuale di utenti per punteggio
Percentile per numero di risposta
I tuoi punteggi nel tempo
Non hai fatto questo quiz